[Event "St Veit op-A 28th"]
[Site "St Veit"]
[Date "2009.07.16"]
[Round "6"]
[White "Schober, Michael"]
[Black "Eichhorn, Alfred"]
[Result "0-1"]
[WhiteElo "1930"]
[BlackElo "2120"]
[PlyCount "65"]
[EventDate "2009.07.11"]
[EventType "swiss"]
[EventRounds "9"]
[EventCountry "AUT"]
[SourceTitle "CBM 131 Extra"]
[Source "ChessBase"]
[SourceDate "2009.09.03"]
[SourceVersion "2"]
[SourceVersionDate "2009.09.16"]
[SourceQuality "1"]

1. d4 Nf6 2. c4 e6 3. Nf3 Bb4+ 4. Bd2 a5 5. a3 Be7 6. Nc3 d5 7. e3 0-0 8. Be2 Nbd7 9. 0-0 c5 10. Rc1 Bd6 11. Qb3 cxd4 12. Nxd4 dxc4 13. Bxc4 Bxh2+ 14. Kxh2 Ng4+ 15. Kg1 Qc7 16. g3 h5 17. Be2 Qd8 18. Bxg4 hxg4 19. Ne4 Ra6 20. Rfd1 Ne5 21. Be1 Qe8 22. Qb5 Nd7 23. Qh5 e5 24. Nc2 Rh6 25. Qxg4 f5 26. Qf3 fxe4 27. Qxe4 Nf6 28. Qg2 Ng4 29. Qd5+ Be6 30. Qxb7 Qh5 31. Qg2 Nh2 32. Qe4 Qh3 33. f4 0-1

[Event "St Veit op-A 28th"]
[Site "St Veit"]
[Date "2009.07.12"]
[Round "2"]
[White "Raschun, Gerhard"]
[Black "Eichhorn, Alfred"]
[Result "1-0"]
[WhiteElo "2012"]
[BlackElo "2120"]
[PlyCount "61"]
[EventDate "2009.07.11"]
[EventType "swiss"]
[EventRounds "9"]
[EventCountry "AUT"]
[SourceTitle "CBM 131 Extra"]
[Source "ChessBase"]
[SourceDate "2009.09.03"]
[SourceVersion "2"]
[SourceVersionDate "2009.09.16"]
[SourceQuality "1"]

1. e4 c5 2. Nf3 d6 3. c3 Nc6 4. Bc4 e6 5. d4 cxd4 6. cxd4 Nf6 7. Nc3 Be7 8. Bd3 a6 9. 0-0 b5 10. a3 Bb7 11. b4 Qb6 12. d5 exd5 13. exd5 Ne5 14. Nxe5 dxe5 15. Be3 Qd8 16. Qe2 0-0 17. Rad1 Rc8 18. d6 Rxc3 19. dxe7 Qxe7 20. Bc5 Rxc5 21. bxc5 Qxc5 22. Qb2 e4 23. Be2 Re8 24. Rc1 Qg5 25. a4 e3 26. f3 h5 27. axb5 a5 28. Rc7 Rb8 29. Qc2 h4 30. Rxb7 Rd8 31. Rd1 1-0